Caramel-Sleep Token - Statistics

General Stats
  • This quiz has been taken 91 times
    56 since last reset
  • The average score is 365 of 428
Answer Stats
Hint Answer % Correct
a
100%
A
100%
I
100%
(I
100%
in
100%
Bridge (In
100%
like
100%
(like
100%
me
100%
the
100%
The
100%
tryna
100%
Caramel
96%
I'm
96%
"I'm
96%
i'm
96%
"Is
96%
is
96%
no
96%
not
96%
of
96%
Of
96%
on
96%
to
96%
you
96%
all
92%
all)
92%
as
92%
be
92%
beside
92%
feel
92%
foot
92%
for
92%
for?
92%
good
92%
it
92%
landmine
92%
Left
92%
left
92%
nothing
92%
out
92%
real
92%
Right
92%
Say
92%
stick
92%
Stick
92%
take
92%
then
92%
there
92%
They
92%
they
92%
Til
92%
time
92%
up
92%
Up
92%
Walk
92%
well
92%
what
92%
ask
88%
Bitter
88%
bitter
88%
bitter)
88%
but
88%
But
88%
(But
88%
can
88%
Can
88%
corners
88%
cry
88%
Devil
88%
every
88%
Every
88%
get
88%
gonna
88%
hide
88%
if
88%
into
88%
mine
88%
my
88%
over
88%
(over
88%
Prada
88%
roses
88%
sick
88%
sing
88%
Chorus | Outro So
88%
so
88%
stage?
88%
stage
88%
tell
88%
Tell
88%
that
88%
This
88%
Verse Too
88%
(too
88%
try
88%
Wear
88%
While
88%
20/20
83%
at
83%
Backed
83%
bassline
83%
before
83%
before)
83%
blessed
83%
Verse Count
83%
detail
83%
Even
83%
exhale
83%
garden?"
83%
getting
83%
going
83%
grapevine
83%
harder
83%
hear
83%
hindsight
83%
it's
83%
just
83%
limelight
83%
mean
83%
name
83%
never
83%
pardon"
83%
Payback
83%
rise
83%
swear
83%
think
83%
those
83%
times
83%
Tripping
83%
words
83%
young
83%
about
79%
Acting
79%
And
79%
beg
79%
came
79%
dancing
79%
eyes
79%
from
79%
glad
79%
guess
79%
Guess
79%
hands
79%
having
79%
I'll
79%
keep
79%
know
79%
know)
79%
let
79%
line
79%
lost
79%
low
79%
old
79%
prison
79%
retaliate
79%
retaliate)
79%
rhythm
79%
see
79%
still
79%
stressed
79%
that's
79%
top
79%
understand
79%
ungrateful
79%
(ungrateful
79%
wanna
79%
along
75%
attrition
75%
by
75%
Everybody
75%
hearsay
75%
how
75%
shout
75%
side
75%
sweetest
75%
talk
75%
tryna
75%
war
75%
are
71%
beautiful
71%
called
71%
called)
71%
deepest
71%
did
71%
dreams
71%
falling
71%
free
71%
give
71%
given
71%
nightmare
71%
now
71%
one
71%
own
71%
sovereigns
71%
there's
71%
wants
71%
cards
67%
dice
67%
don't
67%
'em
67%
final
67%
parallel
67%
thought
67%
worse
67%
better
63%
didn't
63%
got
63%
incisions
63%
lens
63%
Looking
63%
maybe
63%
mirror
63%
sideways
63%
visage
63%
answer
50%
door
50%
front
50%
Terrified
50%
angels
42%
Missing
42%
realm
42%
wings
42%
everything's
33%
had
33%
same)
33%
away)
29%
changed)
29%
days
29%
days)
29%
these
29%
things
29%
wish
25%
No matching quizzes found
Score Distribution
Percent of People with Each Score
Percentile by Number Answered
Your Score History
You have not taken this quiz since the last reset